| 000 | 00403nam a2200145Ia 4500 | ||
|---|---|---|---|
| 008 | 240126s9999 xx 000 0 und d | ||
| 041 | _aEnglish | ||
| 082 | _aLIBRARY-VII | ||
| 245 | 0 | _aManagement Review IIMB (2000 Dec. - | |
| 260 |
_bIndian Institute of Management. _aBangalore |
||
| 440 | _aNULL | ||
| 650 | _aManagement | ||
| 650 | _aManagement,Review,IIMB,(2000,Dec.,-,Management | ||
| 942 | _cJN | ||
| 999 |
_c275925 _d275925 |
||